OCA/OCP introduction to Oracle 9i SQL (Record no. 88714)
[ view plain ]
| 000 -LEADER | |
|---|---|
| fixed length control field | 00512nam a2200193Ia 4500 |
| 008 - FIXED-LENGTH DATA ELEMENTS--GENERAL INFORMATION | |
| fixed length control field | 230125s9999 xx 000 0 und d |
| 020 ## - INTERNATIONAL STANDARD BOOK NUMBER | |
| International Standard Book Number | 81-7656-577-6 |
| 041 ## - LANGUAGE CODE | |
| Language code of text/sound track or separate title | eng |
| 082 ## - DEWEY DECIMAL CLASSIFICATION NUMBER | |
| Classification number | 005.133 |
| Item number | DAW |
| 100 ## - MAIN ENTRY--PERSONAL NAME | |
| Personal name | Dawes C |
| 9 (RLIN) | 111795 |
| 245 ## - TITLE STATEMENT | |
| Title | OCA/OCP introduction to Oracle 9i SQL |
| 260 ## - PUBLICATION, DISTRIBUTION, ETC. (IMPRINT) | |
| Date of publication, distribution, etc. | 2002 |
| Name of publisher, distributor, etc. | BPB publication |
| Place of publication, distribution, etc. | New Delhi |
| 300 ## - PHYSICAL DESCRIPTION | |
| Extent | 559p |
| 500 ## - GENERAL NOTE | |
| Keywords | Oracle;Oracle 9i SQL |
| 650 ## - SUBJECT ADDED ENTRY--TOPICAL TERM | |
| Topical term or geographic name as entry element | Computer Management |
| 700 ## - ADDED ENTRY--PERSONAL NAME | |
| Personal name | Dawes C & Thomas B |
| 9 (RLIN) | 111796 |
| 906 ## - LOCAL DATA ELEMENT F, LDF (RLIN) | |
| b | 50 |
| Withdrawn status | Lost status | Damaged status | Not for loan | Home library | Current library | Date acquired | Vendor | Cost, normal purchase price | Bill number | Full call number | Barcode | Date last seen | Cost, replacement price | Bill Date | Koha item type | Original Barcode | Total Checkouts |
|---|---|---|---|---|---|---|---|---|---|---|---|---|---|---|---|---|---|
| Withdrawn 2022-23 | Smt. Hiraben Nanavati Institute of Management & Research for Women | Smt. Hiraben Nanavati Institute of Management & Research for Women | 25/09/2003 | Pradeep Book Depot | 330.00 | 18217 | 005.133 DAW B03618 | HIMR-BK-3618 | 25/01/2023 | 280.00 | 23/09/2003 | Books | B03618 | ||||
| Smt. Hiraben Nanavati Institute of Management & Research for Women | Smt. Hiraben Nanavati Institute of Management & Research for Women | 28/07/2004 | Pradeep Book Depot | 330.00 | 20676 | 005.133 DAW B03988 | HIMR-BK-3988 | 25/01/2023 | 264.00 | 23/07/2004 | Books | B03988 |